000 00723nam a2200289Ia 4500
005 20260324134514.0
008 008 260324s9999 xx 000 0 eng d
020 _a9780429502217
037 _aEBOOK
040 _aCRL
040 _beng
040 _cCRL
041 _2eng
041 _aeng
084 _qCRL
100 _aHouri Berberian
_91197068
245 0 _aArmenians And The Iranian Constitutional Revolution Of 1905-1911
245 4 _bThe Love For Freedom Has No Fatherland
260 _bTaylor and Francis
260 _c2001
365 _a
365 _b230
856 _uhttp://www.taylorfrancis.com/books/9780429502217
942 _cEBOOK
999 _c1797243
_d1797243